000 00566nam a2200193 4500
999 _c6806
_d6806
008 020530s1986 us eng
020 _a9711550970
245 1 0 _aPhilippine mass media :
_ba book of readings /
_cedited by Clodualdo del Mundo, Jr. and Jose Mari Magpayo.
260 _aManila :
_bCFA,
_cc1986.
300 _a286 p.;
_c23cm.
336 _atext
337 _aunmediated
338 _avolume
650 4 _aMass media.
651 4 _aMass medai
_zPhilippines.
700 1 _aDel Mundo, Clodualdo,
_dJr.
700 1 _aMagpayo, Jose Mari
942 _2lcc
_cBK